000 00799nam a2200265 a 4500
001 63601
003 BD-RjUL
005 20211209081220.0
008 170131m19621956enk |||| |||| 000 0 eng d
035 _a(BD-RjUL)63730
040 _aIRU
_cIRU
_dm.c.
_dRCD
_dBD-RjUL
_beng
041 _aeng
082 _223
_a813.54
_bBAG 1962
090 _aPS3552.A365
_bG5
099 _aPS3552.A365.G5
100 1 _aBaldwin, James,
_d1924-1987.
_9189004
245 1 0 _aGiovanni's room :
_ba novel /
_cby James Baldwin.
260 _aNew York :
_bDial Press,
_cc1956, 1962 printing.
300 _a248 p. ;
_c21 cm.
500 _a"Fifth printing."
650 _aAmericans
_xFiction
_zFrance
_9189005
650 _aSexual orientation
_xFiction.
_9189006
650 _aParis (France)
_xFiction.
_9189007
942 _2ddc
_cBK
999 _c63601
_d63601